Fremdenverkehrsstatistik Fürstentum Liechtenstein Jahresheft 1980

Gespeichert in:
Bibliographische Detailangaben
Format: Buch
Sprache:Deutsch
Veröffentlicht: Vaduz Amt für Volkswirtschaft 1980
Schlagworte:
Tags: Tag hinzufügen
Keine Tags, Fügen Sie das erste Tag hinzu!

MARC

LEADER 00000nam a2200000 4500
001 c142378
005 20251217105742.4
041 0 |a ger 
044 |a LI 
245 1 0 |a Fremdenverkehrsstatistik Fürstentum Liechtenstein  |b Jahresheft 1980 
264 1 |a Vaduz  |b Amt für Volkswirtschaft  |c 1980 
300 |a 97 s. 
610 2 0 |a Lichtenštajnsko 
610 2 0 |a ruch cestovný